A first course in differential equations with modelling applications
| Main Author: | |
|---|---|
| Format: | Section = Libro |
| Language: | Undetermined Spanish |
| Published: |
United States
Brooks Cole
2013
|
| Edition: | 9a.ed. |
| Subjects: |
| LEADER | 00704nam a2200229Ia 4500 | ||
|---|---|---|---|
| 008 | 240829s9999 xx 000 0 und d | ||
| 020 | |a 978-1-111-82705 | ||
| 040 | |a BIBLIOTECA-RUSB/ 515.35 Z69 | ||
| 041 | |a spa | ||
| 082 | |a 515.35 Z69 | ||
| 100 | 1 | |a Zill, Dennis G. | |
| 245 | 1 | 2 | |a A first course in differential equations with modelling applications |
| 250 | |a 9a.ed. | ||
| 260 | |a United States |b Brooks Cole |c 2013 | ||
| 300 | |a 425 p. :il. | ||
| 650 | 7 | |a ECUACIONES DIFERENCIALES - PRIMERA ORDEN | |
| 650 | 7 | |b MODELOS DE ECUACIONES DIFERENCIALES - ORDEN SUPERIOR | |
| 650 | 7 | |c ECUACIONES LINEALES | |
| 650 | 7 | |d SISTEMAS DE ECUACIONES DIFERENCIALES | |
| 942 | |c BK |2 ddc | ||
| 991 | |a TEXTO | ||
| 999 | |c 1718 | ||